000 00616nam a2200229Ia 4500
003 OSt
005 20220923225722.0
006 a|||||r|||| 00| 0
007 ta
008 220922b |||||||| |||| 00| 0 pan d
024 _a274,071
037 _cTextual
040 _aARTS
_cARTS
_bpan
041 _2pan
_apan
082 _aO153:g, M7
100 _aਨਰੂਲਾ, ਡੀ ਐਮ
245 0 _aਸੰਗੀਤ ਸਮੀਖਿਆ
260 _c1987
650 _aਪੰਜਾਬੀ ਸਾਹਿਤ
942 _hO153:g, M7
_cTEXL
_2CC
999 _c379971
_d379971